00666nam a2200193 4500010001300000035001300013037001800026040001200044082001800056100001600074245009300090260005000183270004600233300002600279650003700305650005800342650005100400700002100451 aB-063955 aB-063955 bCen Lib / Ret aDPLbEN a343.0748bJAI aJain, Rajiv aGuide on foreign collaboration :blegal parameters /cby Rajiv Jain [and] B. P. Bhargava aNew DelhibIndia Investment Publicaitonc1996 a1C/6, New Rohtak RoadbNew Delhi e110005 a(v 2. 340p)b24cm(Hb) a Investments, Foreign -- India.  aInvestments, Foreign -- Law and legislation -- India. a Industrial policy -- India. View all subjects aBhargava, B. P.